000 00463nam a2200169 i 4500
001 bg
100 1 _aIszkowski, Wacław
_d(1949- ).
245 0 _aProgramowanie w języku Basic /
_cWacław Iszkowski, Marek Maniecki.
260 _aWarszawa :
_bPWN,
_c1980.
650 9 _aBasic
_xprogramowanie
655 _aPodręczniki akademickie
700 1 _aManiecki, Marek.
040 _cBPK
041 _apol
942 _cKS
008 s pl f |000 0 pol
999 _c19397
_d19397
856 _uhttp://koha.tu.koszalin.pl/cgi-bin/koha/opac-detail.pl?biblionumber=19397
_yKatalog online BPK